01754cam a2200301 a 450000100090000000300040000900500170001300800410003001000170007102000290008802000260011702000250014302000220016803500240019004000510021404200140026505000160027924501470029526000510044230000260049350400640051950507140058365000280129765000450132565000350137070000210140570000260142615166218OSt20220214124857.0080204s2007 enk b 001 0 eng d a 2008271053 a9780521876032 (hardback) a0521876036 (hardback) a9780521699426 (pbk.) a0521699428 (pbk.) a(OCoLC)ocn144228600 aBTCTAcBTCTAdBAKERdYDXCPdSUCdIXAdVVCdDLC alccopycat00aJZ4850.C73 00aCrafting cooperation :bregional international institutions in comparative perspective /cedited by Amitav Acharya and Alastair Iain Johnston. aNew York :bCambridge University Press,c2007. axii, 318 p. ;c24 cm. aIncludes bibliographical references (p. 279-302) and index.0 aContents : Comparing regional institutions: an introduction -- Hanging together, institutional design and cooperation in Southeast Asia: AFTA and the ARF -- International cooperation in Latin America: the design of regional institutions by slow accretion -- Crafting regional cooperation in Africa -- Functional form, identity-driven cooperation: institutional designs and effects in post-Cold War NATO -- Designed to fail or failure of design? The origins and legacy of the Arab League -- Social mechanisms and regional cooperation: are Europe and the EU really all that different? -- Conclusion: Institutional features,cooperation effects, and the agenda for further research on comparative regionalism  0aInternational agencies. 0aRegionalism (International organization) 0aIntergovernmental cooperation.1 aAcharya, Amitav.1 aJohnston, Alastair I.